00932cam a22002051 450000100100000000500170001000800410002704000250006824500940009326000450018730000230023249000650025550001430032065000490046365000290051265100350054165100280057695201050060499900170070900001636120200929164405.0800610s1960 mx a 000 0 spa  aDO-SdBNPbspacBNPHU00aHistoriadores y cronistas de las misiones /cselección y estudio de Julio Tobar Donoso. aPuebla, México :bJ. M. Cajica,c1960. a506 p. : ;c22 cm.0 aBiblioteca ecuatoriana mínima. La colonia y la república aA cabeza de tít.: Publicación auspiciada por la Secretaría General de la Undécima Conferencia Interamericana, Quito, Ecuador, 1960 4aIndios de américa del surxMisiones936483 4aMisioneszEcuador936484 4aEcuadorxHistoriografia936485 4aEcuadorxHistoria94781 001050718MOaGRbGRcCTd2010-03-03iLF1l0o p16361-10r2020-06-25w2020-06-25y1ZNo se presta c15896d15896